000 00380nam a2200169Ia 4500
001 9112
003 IN-NITTTR
005 20251114233044.0
008 251113s9999||||xx |||||||||||||| ||eng||
040 _beng
040 _cIN-NITTTR
041 _aeng
082 _a181.49 J199P
100 _aJaideva Singh,
245 0 _aPratyabhijnahrdayam /
_cJaideva Singh
942 _2ddc
_cBK
999 _c11749
_d11749